000 00307nam a2200133Ia 4500
005 20251222144629.0
008 251222s9999||||xx |||||||||||||| ||spa||
082 _a808.882/B45
100 _aBergson, Enrique
245 0 _aLa Risa
250 _a1ra.ed.
264 _bEdiciones Prometeo, S.L.
942 _cLIB
999 _c16243
_d16243